| 000 | 00682nam a2200241Ia 4500 | ||
|---|---|---|---|
| 003 | OSt | ||
| 005 | 20220918201055.0 | ||
| 006 | a|||||r|||| 00| 0 | ||
| 007 | ta | ||
| 008 | 220917b |||||||| |||| 00| 0 eng d | ||
| 024 | _a91,528 | ||
| 037 | _cTextual | ||
| 040 |
_aARTS _cARTS _beng |
||
| 041 |
_2eng _aeng |
||
| 082 | _aV1:1:M, K3-;1 | ||
| 100 |
_aAmann Peter ed _996697 |
||
| 245 | 0 |
_aEighteenth century revolution _b French or Western |
|
| 260 | _c1963 | ||
| 490 | _aProblems in European civilization, ed by Ralph W Greenlaw and Dwight E Lee | ||
| 650 | _aWORLD HISTORY | ||
| 942 |
_hV1:1:M, K3-;1 _cTEXL _2CC |
||
| 999 |
_c215187 _d215187 |
||